Les noms propres dans les titres de Brassens - Statistiques

Statistiques générales
  • Ce quiz a été pris 122 fois
  • Le résultat moyen est 20 sur 43
Statistiques - réponses
Année Initiale Type de quiz Chanson % Correct
1970 J Prénom {Jean} rentre au village
94%
1954 A Gentilé Chanson pour l'{Auvergnat}
91%
1954 H Prénom Les sabots d'{Hélène}
91%
1962 J Prénom {Jeanne}
90%
1985 P Prénom {Jeanne} Martin
90%
1953 J Prénom La cane de {Jeanne}
90%
1953 M Surnom Brave {Margot}
87%
1969 U Héros Heureux qui comme {Ulysse}
85%
1976 J Prénom Don {Juan}
80%
1980 P Ville A {Paris} dans chaque faubourg
73%
1979 P Ville Places de {Paris}
73%
1958 H Prénom La femme d'{Hector}
72%
1958 L Prénom Le vieux {Léon}
71%
1964 P Dieu Le grand {Pan}
66%
1953 M Prénom Pauvre {Martin}
66%
1964 V Déesse {Vénus} callipyge
66%
1979 I Pays A mon frère revenant d'{Italie}
62%
1964 P Personnage Le mouton de {Panurge}
62%
1957 A Prénom Oncle {Archibald}
59%
1960 PN Personnage Le {Père Noël} et la petite fille
57%
1961 N Prénom Tonton {Nestor}
55%
1964 S Dieu {Saturne}
48%
1985 P Montagnes Tant qu'il y a des {Pyrénées}
44%
1982 E & I Pays Entre l'{Espagne} et l'{Italie}
37%
1980 V Ville Adieu {Venise} provençale
35%
1955 V Patronyme L'enterrement de {Verlaine}
30%
1956 M Prénom {Marinette}
28%
1957 P Peuple Les {Philistins}
22%
1976 M Ville {Montélimar}
22%
1960 P Prénom {Pénélope}
21%
1976 M Prénom {Mélanie}
19%
1979 C Ville {Carcassonne}
18%
1979 J Prénom {Jehan} l'advenu
16%
1969 B Personnage {Bécassine}
15%
1982 D & V Patronyme & Lieu Entre la rue {Didot} et la rue de {Vanves}
13%
1955 BM Quartier {Belleville-Ménilmontant}
9%
1956 C Prénom {Colombine}
7%
1982 N Gentilé Le vieux {Normand}
6%
1979 M Lieu Place {Maubert}
5%
1979 GDO Lieu A la {Goutte d'or}
4%
1980 V Lieu A la {Varenne}
3%
1955 M Ville Dans la ville de {Mézières}
2%
1980 M Surnom {Mimile}
2%
Aucun quiz correspondant
Distribution des résultats
% des personnes avec chaque résultat
Percentile par nombre de réponses
Votre historique - résultats
Vous n’avez pas pris ce quiz